50 anni di una presenza pastorale. (Record n. 32887)

Dettagli MARC
000 -LEADER
fixed length control field 00865nam a2200205Ia 4500
003 - CONTROL NUMBER IDENTIFIER
control field IT-RoPAU
005 - DATE AND TIME OF LATEST TRANSACTION
control field 20220918175838.0
008 - FIXED-LENGTH DATA ELEMENTS--GENERAL INFORMATION
fixed length control field 120407s9999 xx 000 0 und d
040 ## - CATALOGING SOURCE
Original cataloging agency IT-RoPAU
Transcribing agency 20140729090659.0
040 ## - CATALOGING SOURCE
Transcribing agency IT-RoPAU
041 ## - LANGUAGE CODE
Language code of text/sound track or separate title ita
100 ## - MAIN ENTRY--PERSONAL NAME
Personal name Ranzato Dina - Rocca Giancarlo
9 (RLIN) 33907
245 ## - TITLE STATEMENT
Title 50 anni di una presenza pastorale.
Remainder of title Le suore di Gesù Buon pastore (1938-1988)
260 ## - PUBLICATION, DISTRIBUTION, ETC. (IMPRINT)
Date of publication, distribution, etc. 1988
Place of publication, distribution, etc. Roma
Name of publisher, distributor, etc. Ed. Cicinelli
300 ## - PHYSICAL DESCRIPTION
Extent 335 p.
Dimensions 24 cm
490 ## - SERIES STATEMENT
Volume/sequential designation 2° Vol.
520 ## - SUMMARY, ETC.
Summary, etc. Indice del Volume<br/><br/>Presentazione<br/>Introduzione<br/><br/>Parte Prima - Preistoria di un ideale: 1900-1935<br/>Parte Seconda - Alla ricerca di una fisionomia: 1936-1947<br/>Parte Terza - Sviluppo e consolidamento: 1948-1969<br/>Parte Quarta - Rilettura del carisma: 1970-1975<br/>Parte Quinta - Realizzazione di un nuovo cammino: 1976-1987
942 ## - ADDED ENTRY ELEMENTS (KOHA)
Koha item type LIBRO
Source of classification or shelving scheme Dewey Decimal Classification
Dati di copia
Withdrawn status Lost status Source of classification or shelving scheme Damaged status Not for loan Home library Current library Date acquired Total Checkouts Full call number Date last seen Price effective from Koha item type
    Dewey Decimal Classification Buone Condizioni Not For Loan PAULUS-BIBLIOTECA PAULUS-BIBLIOTECA 11/04/2012   P E1 11/04/2012 11/04/2012 LIBRO
CREDITS: SOCIETA' SAN PAOLO Via A.Severo, 58 - ROMA (RM) & PERIODICI SAN PAOLO SRL Via Giotto, 36 MILANO & CISF Via Giotto, 36 MILANO & EDIZIONI SAN PAOLO SRL,  Piazza Soncino, 5 CINISELLO BALSAMO (MI) -- ITALY